Answers End in "-oid" - Statistics

General Stats
  • This quiz has been taken 280 times
    86 since last reset
  • The average score is 11 of 19
Answer Stats
Hint Word % Correct
To stay clear of, go around or away from avoid
95%
Emptiness, nothingness, vacuum void
95%
Small newspaper with often sensational material tabloid
90%
Brand of cameras known for instant film Polaroid
86%
There are many between Mars and Jupiter. asteroid
85%
A robot that resembles a man android
77%
Exhibiting extreme and irrational distrust of others paranoid
70%
Physically resembling a person humanoid
57%
Brief, somewhat interesting tidbit of information factoid
54%
Muscle forming the rounded contour of the shoulder deltoid
53%
Pluto, Ceres, Eris... planetoid
52%
The type of organic compound testosterone is steroid
51%
Lacking, destitute, not in possession devoid
43%
AKA piles, vascular structures in the anal canal hemorrhoid
42%
Disease caused by bacteria that results in fever typhoid
42%
1986 Nintendo game featuring bounty hunter Samus Metroid
35%
Act on receptors to produce morphine-like effects opioid
34%
Personality type with detachment from social relationships schizoid
20%
Organic compounds with nitrogen like nicotine or caffeine alkaloid
9%
No matching quizzes found
Score Distribution
Percent of People with Each Score
Percentile by Number Answered
Your Score History
You have not taken this quiz since the last reset